|
|
|
|
| LEADER |
01428nam a2200325 a 4500 |
| 001 |
17581 |
| 003 |
BD-DhAAL |
| 005 |
20140609152658.0 |
| 008 |
140609s1991 maua b 001 0 eng |
| 010 |
|
|
|a 90055170
|
| 020 |
|
|
|a 0807067512
|
| 035 |
|
|
|a (DLC) 90055170
|
| 040 |
|
|
|a DLC
|c DLC
|d DLC
|d BD-DhAAL
|
| 041 |
|
|
|a eng
|
| 050 |
0 |
0 |
|a BL325.F4
|b S76 1991
|
| 082 |
0 |
0 |
|a 291.2/114
|2 20
|
| 100 |
1 |
|
|a Stone, Merlin.
|9 4768
|
| 245 |
1 |
0 |
|a Ancient mirrors of womanhood :
|b a treasury of goddess and heroine lore from around the world /
|c Merlin Stone ; illustrated by Cynthia Stone.
|
| 260 |
|
|
|a Boston :
|b Beacon Press,
|c c1991.
|
| 300 |
|
|
|a xx, 425 p. :
|b ill. ;
|c 21 cm.
|
| 500 |
|
|
|a Updated, with new pref. Originally published in 2 v.: New York : New Sibylline Books, c1979.
|
| 504 |
|
|
|a Includes bibliographical references (p. 397-414) and index.
|
| 541 |
|
|
|e 17581
|
| 650 |
|
0 |
|a Goddesses.
|9 4769
|
| 650 |
|
0 |
|a Women and religion.
|9 4770
|
| 856 |
4 |
2 |
|3 Publisher description
|u http://www.loc.gov/catdir/description/hm031/90055170.html
|
| 856 |
4 |
2 |
|3 Contributor biographical information
|u http://www.loc.gov/catdir/enhancements/fy1311/90055170-b.html
|
| 942 |
|
|
|2 ddc
|c BK
|
| 999 |
|
|
|c 14398
|d 14398
|
| 952 |
|
|
|0 0
|1 0
|2 ddc
|4 0
|6 291_211400000000000_STO
|7 0
|9 24397
|a BRACUL
|b BRACUL
|c GEN
|d 2014-06-09
|l 2
|m 33
|o 291.2114 STO
|p 3010017581
|r 2026-04-21
|s 2025-07-13
|t 1
|w 2014-06-09
|y BK
|x Transferred from ENH to Ayesha Abed library on 20/12/2023
|